Largest Cities In Texas - Statistics

General Stats
  • This quiz has been taken 81 times
  • The average score is 23 of 38
Answer Stats
Pop. Answer % Correct
1,197,816 Dallas
100%
2,239,558 Houston
100%
967,629 Austin
98%
683,577 El Paso
98%
1,511,946 San Antonio
98%
874,168 Fort Worth
97%
325,605 Corpus Christi
89%
199,826 Amarillo
84%
253,888 Lubbock
81%
396,394 Arlington
79%
286,143 Plano
76%
136,436 Waco
74%
260,654 Laredo
73%
240,373 Irving
66%
183,299 Brownsville
65%
238,002 Garland
63%
142,696 McAllen
58%
136,089 Midland
58%
121,885 Abilene
56%
104,991 Tyler
55%
181,330 McKinney
53%
116,861 Odessa
53%
153,520 Pasadena
53%
119,114 Beaumont
48%
145,482 Killeen
48%
143,949 Mesquite
48%
193,837 Grand Prairie
47%
136,268 Denton
45%
177,286 Frisco
45%
123,678 Round Rock
42%
104,747 Wichita Falls
42%
135,710 Carrollton
34%
100,119 San Angelo
34%
113,564 College Station
32%
100,685 Allen
31%
116,783 Richardson
29%
104,903 League City
23%
106,021 Lewisville
13%
No matching quizzes found
Score Distribution
Percent of People with Each Score
Percentile by Number Answered
Your Score History
You have not taken this quiz